Score 0/24 Timer 04:00
0 Plays Today
% Correct
Bowie
94.8%
Radcliffe
92.3%
Barrymore
92.3%
Day-Lewis
91.6%
Keaton
88.9%
Day
88.4%
Schwimmer
88%
Reynolds
85.4%
Summer
83.3%
Duchovny
82.5%
Carey
82.4%
Sawyer
75.8%
% Correct
McDermott
74.4%
Lane
72.6%
Karan
69.2%
Reed
68.1%
Brees
66.1%
Harry
61.5%
Roberts
60.4%
Sprouse
59.9%
Allen
59.8%
O'Brien
56.6%
Powter
49%
Lessing
45.9%
Remove Ads.
Support Sporcle.
Get the best of Sporcle when you Go Orange. This ad-free experience offers more features, more stats, and more fun while also helping to support Sporcle. Thank you for becoming a member.

You're not logged in!

Compare scores with friends on all Sporcle quizzes.
OR
Log In

Sporcle TV

Today on Sporcle TV


Watch our educational content, quiz creation guides, and fun videos on Sporcle TV.

Show Comments

Extras

Top Quizzes Today


Score Distribution

Paid Content

Your Account Isn't Verified!

In order to create a playlist on Sporcle, you need to verify the email address you used during registration. Go to your Sporcle Settings to finish the process.

Report this User

Report this user for behavior that violates our Community Guidelines.

Details: